Loading...
| Beliefs | 10 | 15.00 | 90% | 40% | 20% |
| Fine Arts - Classical Music and Opera | 6 | 15.00 | 100% | 50% | 0% |
| Fine Arts - Other Fine Arts | 2 | 10.00 | 100% | 0% | 0% |
| Fine Arts - Visual Fine Arts | 8 | 13.75 | 100% | 25% | 13% |
| Geography | 4 | 10.00 | 100% | 0% | 0% |
| History - European History | 6 | 18.33 | 100% | 67% | 17% |
| History - Other History | 3 | 16.67 | 100% | 33% | 33% |
| History - US History | 7 | 21.43 | 86% | 86% | 43% |
| History - World History | 7 | 18.57 | 100% | 71% | 14% |
| Literature - American Literature | 6 | 18.33 | 100% | 83% | 0% |
| Literature - British Literature | 7 | 12.86 | 86% | 29% | 14% |
| Literature - European Literature | 9 | 15.56 | 100% | 44% | 11% |
| Literature - World Literature | 7 | 18.57 | 100% | 57% | 29% |
| Modern World | 6 | 16.67 | 100% | 50% | 17% |
| Other Academic | 5 | 22.00 | 100% | 100% | 20% |
| Philosophy | 9 | 13.33 | 100% | 22% | 11% |
| Science - Astronomy | 1 | 20.00 | 100% | 100% | 0% |
| Science - Biology | 5 | 16.00 | 80% | 60% | 20% |
| Science - Chemistry | 7 | 17.14 | 100% | 71% | 0% |
| Science - Earth Science | 2 | 10.00 | 100% | 0% | 0% |
| Science - Other Science | 6 | 10.00 | 83% | 17% | 0% |
| Science - Physics | 3 | 16.67 | 100% | 67% | 0% |
| Social Science | 7 | 11.43 | 86% | 29% | 0% |